<?xml version='1.0' encoding='UTF-8'?>
  <record xmlns="http://www.loc.gov/MARC21/slim">
    <leader>00000cem a2200000 i 4500</leader>
    <controlfield tag="001">ocn980446819</controlfield>
    <controlfield tag="003">OCoLC</controlfield>
    <controlfield tag="005">20250202095504.4</controlfield>
    <controlfield tag="008">040326m18331840ne        b  o  1   dut d</controlfield>
    <datafield tag="040" ind1=" " ind2=" ">
      <subfield code="a">QGJ</subfield>
      <subfield code="b">dut</subfield>
      <subfield code="c">QGJ</subfield>
      <subfield code="d">QGJ</subfield>
      <subfield code="d">OCLCF</subfield>
      <subfield code="d">OCLCO</subfield>
      <subfield code="d">OCLCL</subfield>
      <subfield code="d">OCLCQ</subfield>
    </datafield>
    <datafield tag="035" ind1=" " ind2=" ">
      <subfield code="a">(OCoLC)980446819</subfield>
    </datafield>
    <datafield tag="041" ind1=" " ind2=" ">
      <subfield code="a">dut</subfield>
    </datafield>
    <datafield tag="100" ind1="1" ind2=" ">
      <subfield code="a">Gorkum, J.E. van</subfield>
      <subfield code="q">(Jan Egbert),</subfield>
      <subfield code="d">1781-1862.</subfield>
      <subfield code="1">https://id.oclc.org/worldcat/entity/E39PCjB7HYVvHdjQPwYCjtTgVd</subfield>
    </datafield>
    <datafield tag="245" ind1="1" ind2="0">
      <subfield code="a">[Choro-Mineralogische en algemeene Hydrographische kaart van een gedeelte der Zuidelijke provincien van het Koningrijk der Nederlanden] /</subfield>
      <subfield code="c">ontworpen en volgens onder eigene Directie verrigte opnemingen vervaardigd op last des Konings en de hieruit gevolgde aanschrijvingen van zijn Excellentie den Heere Minister van Binnenlandsche zaken, door den Generaal-majoor en Directeur der Militaire verkenningen, J.E. van Gorkum.</subfield>
    </datafield>
    <datafield tag="246" ind1="1" ind2=" ">
      <subfield code="a">Algemeene kaart der fundamenteele of hoofddriehoeken getrokken over de Zuidelijke provincien van het Koningrijk der Nederlanden ...</subfield>
    </datafield>
    <datafield tag="255" ind1=" " ind2=" ">
      <subfield code="a">Schaal 1:200.000.</subfield>
    </datafield>
    <datafield tag="264" ind1=" " ind2="1">
      <subfield code="a">['s-Gravenhage] :</subfield>
      <subfield code="b">Directie der Militaire Verkenningen,</subfield>
      <subfield code="c">1833-1840.</subfield>
    </datafield>
    <datafield tag="300" ind1=" " ind2=" ">
      <subfield code="a">7 krt. ;</subfield>
      <subfield code="c">52 x 62 cm +</subfield>
      <subfield code="e">bijlagebl.</subfield>
    </datafield>
    <datafield tag="336" ind1=" " ind2=" ">
      <subfield code="a">cartografische afbeelding</subfield>
      <subfield code="b">cri</subfield>
      <subfield code="2">rdacontent/dut</subfield>
    </datafield>
    <datafield tag="337" ind1=" " ind2=" ">
      <subfield code="a">zonder medium</subfield>
      <subfield code="b">n</subfield>
      <subfield code="2">rdamedia/dut</subfield>
    </datafield>
    <datafield tag="338" ind1=" " ind2=" ">
      <subfield code="a">vel</subfield>
      <subfield code="b">nb</subfield>
      <subfield code="2">rdacarrier/dut</subfield>
    </datafield>
    <datafield tag="340" ind1=" " ind2=" ">
      <subfield code="k">bijlagebl.</subfield>
    </datafield>
    <datafield tag="500" ind1=" " ind2=" ">
      <subfield code="a">Zie: Koeman, Geschiedenis van de kartografie van Nederland, p. 249-250.</subfield>
    </datafield>
    <datafield tag="500" ind1=" " ind2=" ">
      <subfield code="a">Bestaat uit: de bladen Oostende (1840), Yperen (1840), Brussel (1834), Luik (1834), Bapaume (1834), Chimay (1833, met legenda: Verklaring der teekens, die in deze kaart voorkomen met haare plaatselijke benamingen), Luxemburg (1833)</subfield>
    </datafield>
    <datafield tag="500" ind1=" " ind2=" ">
      <subfield code="a">Bijlageblad: Verdeelings-blad der Geologische en mineralogische kaart van een zuidelijk gedeelte der Nederlanden, schaal [ca. 1:515.000], 52 x 65 cm.</subfield>
    </datafield>
    <datafield tag="500" ind1=" " ind2=" ">
      <subfield code="a">Bapaume (als inzetkaart, 10 x 17 cm, in de kaart van het triangulatienet, schaal [ca. 1:515.000], welke is getiteld: Algemeene kaart der fundamenteele of hoofddriehoeken getrokken over de Zuidelijke provincien van het Koningrijk der Nederlanden, tevens aanwijzende de verdeeling der bladen van de voor de Militaire als Civile dienst ingerigte Choro-Mineralogische en algemeene Hydrographische kaart van een gedeelte dezer genoemde provincien op de schaal van 1 el voor 200 000 ellen.</subfield>
    </datafield>
    <datafield tag="651" ind1=" " ind2="0">
      <subfield code="a">Belgium.</subfield>
    </datafield>
    <datafield tag="651" ind1=" " ind2="7">
      <subfield code="a">Belgium</subfield>
      <subfield code="2">fast</subfield>
    </datafield>
    <datafield tag="651" ind1=" " ind2="7">
      <subfield code="a">België.</subfield>
      <subfield code="0">(NL-LeOCL)078448298.</subfield>
      <subfield code="2">gtt</subfield>
    </datafield>
    <datafield tag="655" ind1=" " ind2="7">
      <subfield code="a">Kaarten (vorm)</subfield>
      <subfield code="0">(NL-LeOCL)088143554.</subfield>
      <subfield code="2">gtt</subfield>
    </datafield>
    <datafield tag="758" ind1=" " ind2=" ">
      <subfield code="a">[Choro-Mineralogische en algemeene Hydrographische kaart van een gedeelte der Zuidelijke provincien van het Koningrijk der Nederlanden] (CartographicMaterial)</subfield>
      <subfield code="1">https://id.oclc.org/worldcat/entity/E39PCXDdvCmv8bGFjcff9Bjmbd</subfield>
      <subfield code="4">https://id.oclc.org/worldcat/ontology/hasWork</subfield>
    </datafield>
    <datafield tag="936" ind1=" " ind2=" ">
      <subfield code="a">BATCHLOAD</subfield>
    </datafield>
  </record>